[Event "Quindio Region-ch Amateur"]
[Site "Armenia"]
[Date "2020.02.19"]
[Round "6.2"]
[White "Soto, Yesid"]
[Black "Cardenas, Alejandro"]
[Result "1-0"]
[WhiteElo "1709"]
[BlackElo "2020"]
[PlyCount "43"]
[EventDate "2020.02.15"]
[EventType "swiss"]
[EventRounds "7"]
[EventCountry "COL"]
[SourceTitle "EXT 2024"]
[Source "ChessBase"]
[SourceDate "2023.10.10"]
[SourceVersion "1"]
[SourceVersionDate "2023.10.10"]
[SourceQuality "1"]

1. e4 c5 2. Nf3 Nc6 3. Bb5 Nd4 4. Nxd4 cxd4 5. 0-0 Nf6 6. d3 a6 7. Ba4 Qa5 8. c4 dxc3 9. Nxc3 g6 10. Bd2 Bg7 11. b4 Qh5 12. Qxh5 Nxh5 13. b5 0-0 14. b6 Nf4 15. Bxf4 Bxc3 16. Rac1 Bd4 17. Be3 Be5 18. d4 Bb8 19. Rc2 d5 20. e5 f6 21. f4 g5 22. fxg5 1-0

[Event "Bolivar Region Selectivo Amateur"]
[Site "Bolivar"]
[Date "2017.01.22"]
[Round "5.6"]
[White "Londono Arias, Julian Andres"]
[Black "Soto, Yesid"]
[Result "0-1"]
[WhiteElo "1600"]
[BlackElo "1704"]
[PlyCount "80"]
[EventDate "2017.01.20"]
[EventType "swiss"]
[EventRounds "5"]
[EventCountry "COL"]
[SourceTitle "EXT 2024"]
[Source "ChessBase"]
[SourceDate "2023.10.10"]
[SourceVersion "1"]
[SourceVersionDate "2023.10.10"]
[SourceQuality "1"]

1. e4 c5 2. Nf3 Nc6 3. Bc4 e6 4. 0-0 a6 5. a4 Be7 6. d4 d5 7. exd5 exd5 8. Be2 c4 9. Nc3 Nf6 10. Bg5 0-0 11. b3 cxb3 12. cxb3 Bf5 13. Ne5 Qb6 14. Be3 Rfe8 15. Rc1 Ba3 16. g4 Bxc1 17. Qxc1 Be6 18. Qd1 Rad8 19. f4 Bc8 20. Bf3 h6 21. g5 hxg5 22. fxg5 Rxe5 23. gxf6 Rxe3 24. Nxd5 Rxd5 25. Bxd5 Be6 26. Bxe6 Rxe6 27. Rf4 Qa5 28. Qg4 Qe1+ 29. Kg2 Qe2+ 30. Qxe2 Rxe2+ 31. Kf3 Rxh2 32. d5 Ne5+ 33. Ke4 Re2+ 34. Kd4 Nd7 35. fxg7 Kxg7 36. Rf3 Rd2+ 37. Ke4 Nf6+ 38. Kf4 Rxd5 39. Re3 b5 40. a5 b4 0-1